Mobiliario Renacimiento (Record no. 25916)

MARC details
000 -LEADER
campo de control de longitud fija 00624nam a2200181 i 4500
001 - NÚMERO DE CONTROL
campo de control 25916
003 - IDENTIFICADOR DE NÚMERO DE CONTROL
campo de control ES-MaACL
007 - CAMPO FIJO DE DESCRIPCIÓN FÍSICA--INFORMACIÓN GENERAL
campo de control de longitud fija t|
008 - DATOS DE LONGITUD FIJA--INFORMACIÓN GENERAL
campo de control de longitud fija 030103q1944 sp ||||1| spa d
100 1# - ENTRADA PRINCIPAL--NOMBRE DE PERSONA
Nombre de persona Arnau, J.
9 (RLIN) 23053
245 10 - MENCIÓN DEL TÍTULO
Título Mobiliario Renacimiento
Resto del título : detalles ampliados para la construcción de los muebles... /
Mención de responsabilidad, etc. J. Arnau.
260 ## - PUBLICACIÓN, DISTRIBUCIÓN, ETC.
Lugar de publicación, distribución, etc. Barcelona :
Nombre del editor, distribuidor, etc. Serrahima y Urpi,
Fecha de publicación, distribución, etc. [1944?]
300 ## - DESCRIPCIÓN FÍSICA
Extensión 24 lám. ;
Dimensiones 28 cm.
490 1# - MENCIÓN DE SERIE
Mención de serie Publicaciones científicas, técnicas y artísticas
830 0# - PUNTO DE ACCESO ADICIONAL DE SERIE-TÍTULO UNIFORME
Título uniforme Publicaciones científicas, técnicas y artísticas
9 (RLIN) 229151
852 ## - LOCALIZACIÓN
Ubicación ES-MaACL
Número de control de estantería B-5239
Sublocalización o colección R.28810
Holdings
Estatus retirado Estado de pérdida Estado de daño No para préstamo Biblioteca de origen Biblioteca actual Ubicación en estantería Fecha de adquisición Fuente de adquisición Total de préstamos Signatura topográfica completa Código de barras Visto por última vez Precio de reemplazo Tipo de ítem Koha
        Biblioteca del Ateneo de Madrid Biblioteca del Ateneo de Madrid Sala Pardo Bazán 17/01/2008     B-5239 1026736 23/02/2023 23/02/2023 Libro impreso